| 000 | 00564nam a2200145 a 4500 | ||
|---|---|---|---|
| 008 | 210303s2013 ||||||||||||||||| || u | ||
| 020 | _a9785865476849 | ||
| 050 | _aPG 2900 Fed | ||
| 100 | _aFedotova, N.L | ||
| 245 | 1 | 0 |
_aMethods of Russian as a second language teaching: workbook for practical course _cN.L Fedotova |
| 260 |
_aSt. Petersburg _c2013 |
||
| 300 | _a198 pages | ||
| 650 | _aRUSSIAN LITERATURE | ||
| 995 |
_FCBU-MAIN LIBRARY (Kitwe) _M1 _UAVAILABLE _WMar 3, 2021 _ZMain Library Open Access Collection |
||
| 999 |
_c51060 _d51060 |
||